Responses for Show #758 - Wednesday, December 16, 1987

Contestants

[<< previous game]

David Nagy, a rock singer from Los Angeles, California

Jody Hess, a teacher from Sherman Oaks, California

Robin Maisel, an attorney from Long Beach, California (whose 1-day cash winnings total $8,000)

[next game >>]

Jeopardy! Round responses

STARTS WITH "E"
GEOGRAPHY
THE JETSONS
POLITICAL FIGURES
ANIMAL OFFSPRING
FOOD
    $100 8
Eros

David
    $100 6
Scotland

David
    $100 26
(Jody: What are computers or [*]?)

robots

Jody
    $100 1
Mao Zedong

Jody
    $100 17
fry

Jody
    $100 2
octopi

David
    $200 10
an ember

David
    $200 7
the State of Delaware

Jody
    $200 27
(David: Who is Leroy?)

Elroy

David
Triple Stumper
    $200 15
John Glenn

David
    $200 22
a joey

Jody
    $200 18
mincemeat pie (mince pie accepted)

Robin
    $300 12
an epistle

David
    $300 3
China

Jody
    $300 28
cogwheels (or cogs)

Robin
    $300 11
Indira Gandhi

David
    $300 23
(David: What are... pheasant?)

chickens

RobinDavid
    $300 19
burst (or pop)

Jody
    $1,600 14
Elizabethan

David
    $400 4
St. Lawrence

Triple Stumper
    $400 29
(David: Who is Penny Lake?)
...
(Alex: Once again, David, you were on the right track. Who was [*]?)
(David: [Overlapping with Alex] Arthur Lake and [*].)
(Alex: [*], yes.)

Penny Singleton

David
Triple Stumper
    $400 9
Gary Hart

Jody
    $400 24
a pup

David
    $400 20
clarified

Jody
    $500 16
Esperanto

Robin
    $500 5
the Dead Sea

Robin
    $500 30
Astro

David
    $500 13
Melina Mercouri

David
    $500 25
a horse & a donkey

David
    $500 21
soy

Jody

Scores at the first commercial break (after clue 14):

Robin Jody David
$500 $1,000 $3,200

Scores at the end of the Jeopardy! Round:

Robin Jody David
$1,800 $2,600 $3,900

Double Jeopardy! Round responses

ARTISTS
THE CIVIL WAR
PLAYWRIGHTS
THE QUEEN'S ENGLISH
AMERICAN BUSINESS
SHOW BIZ BILLYs
    $200 22
Van Gogh

Jody
    $200 5
(Ambrose) Burnside

David
    $200 20
Tennessee Williams

David
    $200 3
fox hunting

Jody
    $200 1
Bayer

Robin
    $200 12
Billy Vera

Jody
    $400 28
his brushes

Jody
    $400 7
Garibaldi

David
    $400 24
Ibsen

Jody
    $400 4
Jell-O

David
    $400 2
IBM

David
    $1,000 13
Billy Idol

Jody
    $600 29
Toulouse-Lautrec

David
    $600 9
the Whigs

David
    $600 25
Helen Hayes

David
    $600 6
(David: Well, the Italians drive Fiat Pandas. What are pa--what are Italians?)
(Alex: No, sorry.)

the police

David
Triple Stumper
    $600 15
the American Stock Exchange

David
    $600 14
Billy Wilder

David
    $800 30
Rembrandt

David
    $800 11
Farragut

David
    $800 26
Thomas Stearns (T.S.) Eliot

Triple Stumper
    $1,900 8
the Provisional IRA

David
    $800 19
General Foods

David
    $800 17
Billy Eckstine

Robin
    $1000 23
(Jody: Who is Titian?)

Tintoretto

JodyDavid
    $1000 16
Vicksburg

David
    $1000 27
(William) Inge

Robin
    $1000 10
the prime minister's retreat (or official country residence)

David
    $1000 21
Titusville

Jody
    $1000 18
(David: Who is... ohh... Billy... I can see his face.)
(Alex: You didn't see it in time.)
(David: Yes.)

Billy Preston

David
Triple Stumper

Scores at the end of the Double Jeopardy! Round:

Robin Jody David
$3,800 $5,000 $14,200
(lock game)

[wagering suggestions for these scores]

Final Jeopardy! Round responses

THE NEW TESTAMENT
RobinWho is Elizabeth
$3,000
JodyWhat is Bathsheba?
$4,800
DavidWho was Salome?
$4,200
Salome

Final scores:

Robin Jody David
$800 $200 $18,400
2nd place: a trip to St. Martin 3rd place: ProTec Sports PTS Turbo 1000 exercise machine New champion: $18,400

Game dynamics:

Coryat scores:

Robin Jody David
$3,800 $4,400 $11,900
8 R,
0 W
17 R
(including 1 DD),
1 W
29 R
(including 2 DDs),
5 W

Combined Coryat: $20,100

[game clues] [game scores] [suggest correction]

Game tape date: 1987-09-14
The J! Archive is created by fans, for fans. Scraping, republication, monetization, and malicious use prohibited; this site may use cookies and collect identifying information. See terms. The Jeopardy! game show and all elements thereof, including but not limited to copyright and trademark thereto, are the property of Jeopardy Productions, Inc. and are protected under law. This website is not affiliated with, sponsored by, or operated by Jeopardy Productions, Inc. Join the discussion at JBoard.tv.